000 00312nam a2200133Ia 4500
999 _c6043
_d6043
008 191201s2013 xx 000 0 und d
020 _a9780070472969
100 _aKAMAL, Raj
245 0 _aInternet and Web Technologies
260 _aN. delhi
_bTMH
_c2013
300 _a519
650 _aMCA
942 _2ddc
_cBK
_06